| 000 | 00801 a2200289 4500 | ||
|---|---|---|---|
| 999 |
_c36261 _d13539 |
||
| 001 | 36261 | ||
| 003 | TR-AnTOB | ||
| 005 | 20220419150008.0 | ||
| 008 | 060825s2003 tu 00110 tur | ||
| 020 | _a9756727179 | ||
| 040 |
_aETU _cTR-AnTOB _beng _erda |
||
| 041 | _atur | ||
| 050 |
_aDS51 _b.A74 2003 |
||
| 090 | _aDS51 .A74 2003 | ||
| 100 |
_aAren, Kemal Yurdakul _926630 |
||
| 245 | 0 |
_aÇaybaşı : _bManisa / _cKemal Yurdakul Aren. |
|
| 264 | 1 |
_aİzmir: _bAkademi Kitabevi, _c2003. |
|
| 300 |
_a134s.; _c19 cm. |
||
| 336 |
_2rdacontent _atext _btxt |
||
| 337 |
_2rdamedia _aunmediated _bn |
||
| 338 |
_2rdacarrier _avolume _bnc |
||
| 490 | 0 |
_aManisa kitapları ; _v2 |
|
| 651 |
_aÇaybaşı (Manisa,Türkiye) _xGezi ve tanıtım _926631 |
||
| 902 | _a0016550 | ||
| 942 |
_cBK _2lcc |
||